[Event "TUR-ch"]
[Site "Istanbul"]
[Date "2006.03.11"]
[Round "1"]
[White "Atalik, Ekaterina"]
[Black "Atalik, Suat"]
[Result "0-1"]
[WhiteElo "2399"]
[BlackElo "2618"]
[Annotator "Atalik,S"]
[PlyCount "112"]
[EventDate "2006.03.11"]
[EventType "tourn"]
[EventRounds "13"]
[EventCountry "TUR"]
[EventCategory "4"]
[SourceTitle "CBM 111 Extra"]
[Source "ChessBase"]
[SourceDate "2006.05.09"]
[SourceVersion "1"]
[SourceVersionDate "2006.05.09"]
[SourceQuality "1"]

1. e4 c5 2. Nf3 d6 3. c3 $5 {Katia comes up with what Jonkman played against
me in Wijk.} Nf6 4. Bd3 $5 Nc6 5. O-O Bg4 6. Bc2 e6 (6... d5 7. d3) 7. h3 Bh5
8. d4 $6 {An unexpected move in the center.} (8. d3 $142 $13) 8... cxd4 (8...
Bxf3 9. Qxf3 (9. gxf3 d5) 9... cxd4 10. Ba4 d5 11. exd5 Qxd5 12. Qxd5 Nxd5 13.
cxd4 Nb6 14. Bxc6+ bxc6 $11) (8... d5 $142 $1 9. e5 Nd7 $15) 9. g4 $1 (9. cxd4
d5 10. e5 Bxf3 11. gxf3 Nh5) 9... Bg6 10. Nxd4 Nxe4 $2 {Here I have made a
wrong calculation showing lack of positional understanding.} (10... Be7 11. Nf5
O-O 12. Nxe7+ Qxe7 13. f4 h6 14. Nd2 Bh7 $17) 11. Nxc6 bxc6 12. Bxe4 Bxe4 13.
Qa4 $11 f5 {A sad necessity.} (13... Bf3 $2 14. Nd2 Qf6 15. Re1 $18) 14. Nd2
Qd7 15. Nxe4 fxe4 16. Qxe4 d5 17. Qe2 h5 $2 {This was my last mistake in this
game.However it was gross!} (17... Bd6 18. f4 (18. Re1 e5 19. Bf4 O-O 20. Bxe5
$140 $2 Rae8 21. f4 Rxf4 $19) 18... O-O 19. Bd2 $11) 18. Bf4 $1 (18. Re1 $2
hxg4 19. hxg4 (19. Qxg4 Kf7) 19... Kf7 $17) 18... hxg4 19. Qxg4 Bd6 20. Bxd6
Qxd6 21. Rae1 Kf7 22. Re3 Rh6 23. Rg3 $1 (23. Rfe1 Rah8) 23... Rg8 $6 {I have
cracked under pressure.} (23... Qe5 24. Kg2 Rah8 $14) 24. Re1 Rf6 25. Ree3 Qf4
26. Qh5+ Ke7 $1 {Best under the circumstances.} (26... g6 27. Qe2 Rf8 28. Ref3
Qd6 29. Rxf6+ Kxf6 30. Qg4 $18) 27. Ref3 Rh6 28. Rxf4 Rxh5 29. Ra4 $16 {
White wins a pawn.} Kd6 30. Rxa7 g6 31. Ra4 $5 {I have found this slow during
the game.White's idea is very comprehensible:to squeeze black along the g line.
} ({I was for} 31. b4 {in the game.} Rh4 32. Ra6 Kd7 $16 {is bad but not
totally lost for black.} (32... Rb8 33. a4)) 31... e5 32. Rag4 g5 33. Kg2 $6 {
Slow.} (33. b4 $1 c5 (33... Ra8 34. Rxg5 Rxg5 35. Rxg5 Rxa2 36. Rg6+ Kd7 37. h4
$18) 34. a4 cxb4 35. cxb4 d4 $132) 33... c5 34. h4 $6 {Exchanges on the g line
relieves black more.} (34. b4 cxb4 35. Rxb4 Ra8 36. a4 Ra5 37. Rgg4 e4 38. Rg3
Rc5 39. Rb6+ Ke5 40. Ra6 Rc4 41. Kf1 Kf5 42. Ra5 Ke5 43. Ke2 $16) 34... gxh4
35. Rxg8 hxg3 36. Rg6+ Kd7 37. Kxg3 Rh1 $11 {Black's center compensates for
the loss of pawn.} 38. Rg7+ Ke6 39. Rg6+ Kf5 40. Rc6 c4 41. Kf3 (41. f3 Rg1+
42. Kf2 Rb1 43. Rd6 Rxb2+ 44. Ke3 Rc2 45. Rxd5 Rxc3+ 46. Ke2 Ra3 47. Rc5 Rxa2+
48. Ke3 Ra3+ 49. Ke2 c3 50. Rc4 Ra2+ 51. Kd3 c2 52. Kd2 $11) 41... Rb1 42. b3
$5 {Katia having lost her advantage tries to settle for a draw.} (42. Rb6 d4
43. cxd4 c3 44. Rc6 e4+ (44... cxb2 45. Rb6 exd4 46. Rb5+ Ke6 47. Ke2 $11) 45.
Kg2 (45. Ke2 $4 cxb2 46. Rb6 e3 $1 $19) 45... cxb2 46. Rb6 Kf4 $11) (42. Rd6
Rxb2 43. Rxd5 Rc2 44. Ke3 (44. Rc5 $2 Rxc3+ 45. Ke2 Ke4 46. Rc8 Rc2+ 47. Ke1
Kd3 48. Rd8+ Kc3 49. Re8 Rxa2 50. Rxe5 Kc2 $3 51. f4 c3 52. Rc5 Kb3 $19) 44...
Rxc3+ 45. Kd2 Ra3 46. Rc5 Rxa2+ 47. Ke3 Ra3+ 48. Kd2 Rd3+ 49. Kc2 Rd4 50. Kc3
$11) 42... Rc1 43. bxc4 Rxc3+ 44. Ke2 d4 $1 {This turns the tables however it
is still a draw with proper play.} 45. Rh6 Rc2+ 46. Kd3 $5 {Active play
sometimes does not result in providing the desired result.After having given
two passers white has to be extremely careful.} (46. Ke1 Rxc4 47. Rh4 e4 48. f3
$3 e3 49. Re4 Ra4 50. Kf1 $11) 46... Rxf2 47. Rh5+ Kf4 (47... Kf6 48. Rh6+ Kg5
49. Rh8 {transposes to the game.} (49. Ra6 Kf5)) 48. Rh4+ Kg5 49. Rh8 $4 $138 {
The rook was needed on the first rank.} (49. Rh1 Rf3+ 50. Ke4 Re3+ 51. Kd5 d3
52. c5 Kf4 53. Rd1 e4 54. c6 Re2 55. Kd4 $1 $11) 49... Rxa2 $4 $138 {This is
unexplainable!Time trouble should not be an excuse for such a poor decision.
Obviously a2 pawn in this case has nothing to do with the position.} (49...
Rf3+ 50. Ke4 Re3+ 51. Kd5 d3 52. Rh1 d2 (52... Kf4) 53. Rd1 e4 54. Kd4 Re2 55.
c5 e3 (55... Kf6 56. c6 Ke7 $19) 56. c6 Re1 57. c7 e2 58. Rxd2 Rd1 $19) 50.
Rg8+ $4 {This unlucky check only helps black to bring his king near the c pawn.
} (50. c5 Ra3+ (50... Kf5 51. c6 Ra3+ 52. Kc4 $11) 51. Ke4 Re3+ 52. Kd5 d3 53.
Rh1 $11) 50... Kf6 51. Rf8+ $2 {Collapse.} (51. c5 Ra1 $3 (51... Ra3+ 52. Kc4
Rc3+ 53. Kd5 d3 54. Ke4) 52. Kc4 Rc1+ 53. Kd5 d3 $19) 51... Ke7 52. Rh8 Ra3+
53. Ke4 Re3+ 54. Kd5 d3 $19 55. Rh1 (55. Rh7+ Kf6 56. Rh6+ Kf5 57. Rh1 d2 58.
Rf1+ Kg4 59. Rd1 e4 $1 60. c5 Kf5 61. c6 Rd3+ 62. Kc4 Ke6 $19) 55... d2 56. Rd1
e4 $1 {There is no way to prevent Re2,e3 and Re1.} 0-1

[Event "Mario Covas 1st"]
[Site "Santos"]
[Date "2001.01.19"]
[Round "10"]
[White "De Toledo, James Mann"]
[Black "Milos, Gilberto"]
[Result "0-1"]
[WhiteElo "2384"]
[BlackElo "2608"]
[Annotator "Atlas,V"]
[PlyCount "72"]
[EventDate "2001.01.29"]
[EventType "tourn"]
[EventRounds "11"]
[EventCountry "BRA"]
[EventCategory "8"]
[SourceTitle "CBM 082"]
[Source "ChessBase"]
[SourceDate "2001.05.17"]
[SourceVersion "1"]
[SourceVersionDate "2001.05.17"]
[SourceQuality "1"]

1. e4 c5 2. Nf3 d6 3. Nc3 Nf6 4. Be2 e5 5. d3 h6 6. O-O Nc6 7. h3 g6 8. Nh2 Bg7
9. f4 Nd4 10. Be3 Qb6 11. Rb1 Be6 12. a3 exf4 13. Rxf4 O-O 14. Rf2 Kh7 15. Qd2
Nd7 16. Bg4 f5 17. exf5 gxf5 18. Bf3 Nxf3+ 19. Nxf3 ({A natural but wrong
decision.} 19. Rxf3 {was to be preferred.}) {[%tqu "En","White's last move was
a serious mistake. How would you prove it?","Use the disharmony in the
placement of White's pieces.","Use the shaky position of the knight on c3.",
"f5f4","After this blow Black gets decisive.material advantage.",5]} 19... f4 {
[%csl Rc3,Re3][%cal Gf4e3,Gg7c3,Gf8f4]} 20. Bxf4 Bxc3 21. bxc3 Qxb1+ 22. Rf1
Qa2 23. Bxh6 {The temporal activity of White pieces is yet an insufficient
compensation for the rook.} Rf6 24. Ng5+ Kh8 25. Rxf6 Nxf6 26. Qf4 Nh7 27. Qxd6
Qd5 28. Qxe6 Qxe6 29. Nxe6 c4 30. Kf2 Rc8 31. Be3 Kg8 32. Nc5 Nf6 33. Nxb7 cxd3
34. cxd3 Rxc3 35. Bxa7 Rc7 36. Bd4 Rxb7 0-1

[Event "Wotulo Memorial"]
[Site "Jakarta"]
[Date "2001.03.25"]
[Round "3"]
[White "Djuric, Stefan"]
[Black "Wahono, Awam"]
[Result "1-0"]
[WhiteElo "2465"]
[BlackElo "2401"]
[Annotator "Atlas,V"]
[PlyCount "85"]
[EventDate "2001.03.23"]
[EventType "tourn"]
[EventRounds "13"]
[EventCountry "INA"]
[EventCategory "8"]
[SourceTitle "CBM 083"]
[Source "ChessBase"]
[SourceDate "2001.07.05"]
[SourceVersion "1"]
[SourceVersionDate "2001.07.05"]
[SourceQuality "1"]

1. e4 c5 2. Nf3 d6 3. Nc3 a6 4. g3 Nc6 5. Bg2 g6 6. O-O Bg7 7. Re1 e6 8. Ne2
Nf6 9. Nf4 O-O 10. c3 e5 11. Nd5 Nxd5 12. exd5 Ne7 13. Qb3 b5 14. d3 Rb8 15.
Nd2 Bb7 16. a4 bxa4 17. Qc4 f5 18. Qxa4 g5 19. Nc4 f4 20. Na5 Bc8 21. Qd1 Qe8
22. d4 Qf7 23. dxc5 fxg3 24. fxg3 Qf2+ 25. Kh1 Nf5 26. Rf1 Qxc5 27. Nc6 Rb7 28.
b4 Qxc3 29. Ra3 Qc4 30. Na5 Qxb4 31. Nxb7 Qxb7 32. Bxg5 h6 33. Bd2 Nd4 34.
Rxf8+ Bxf8 35. g4 Bg7 36. Be4 Qf7 37. Kg2 Qb7 38. Rc3 Be6 39. Qa4 Bf8 40. Qa5
Nb5 41. Rf3 Be7 (41... Bxd5 {loses after} 42. Bxd5+ Qxd5 43. Qd8 Qxd2+ 44. Kh3)
42. Bxh6 Bxd5 $2 (42... Bf7 {was more stubborn.}) {[%tqu "En","Black seems to
have a good compensation for a sacrficed exchange. Yet, one terrific strike
can decide the game at once. Do you see it?","Try to decoy Black's
dark-squared bishop.","Sacrifice your queen!","a5d8","This very elegant move
wins on the spot!",5]} 43. Qd8+ $3 (43. Qd8+ {, and mate is inevitable:} Bxd8
44. Rf8#) 1-0

[Event "EU-Cup 18th"]
[Site "Kallithea"]
[Date "2002.09.24"]
[Round "3.6"]
[White "Tseitlin, Mark D"]
[Black "Titz, Heimo"]
[Result "1-0"]
[WhiteElo "2472"]
[BlackElo "2309"]
[Annotator "Atlas,V"]
[PlyCount "79"]
[EventDate "2002.09.22"]
[EventType "team-swiss"]
[EventRounds "7"]
[EventCountry "GRE"]
[SourceTitle "CBM 092"]
[Source "ChessBase"]
[SourceDate "2003.02.06"]
[SourceVersion "1"]
[SourceVersionDate "2003.02.06"]
[SourceQuality "1"]
[WhiteTeam "Beer Sheva"]
[BlackTeam "Klagenfurt"]
[WhiteTeamCountry "ISR"]
[BlackTeamCountry "AUT"]

1. e4 c5 2. Nf3 e6 3. Nc3 a6 4. g3 Nc6 5. Bg2 Nf6 6. O-O Qc7 7. d3 d6 8. Ng5 h6
9. Nh3 Be7 10. f4 Bd7 11. Nf2 O-O-O 12. a3 e5 13. Bd2 Nd4 14. b4 Kb8 15. Rb1
Rc8 16. a4 c4 17. b5 a5 18. Ne2 Nxe2+ 19. Qxe2 b6 20. Be3 Ka7 21. d4 Be6 22. c3
Rhg8 23. h3 g5 24. fxg5 hxg5 25. g4 Nh7 26. Nh1 f6 27. Ng3 Nf8 28. Nh5 Nd7 29.
Rbd1 Bf7 30. Rd2 Qb7 31. Ng3 Be6 32. Nf5 Bxf5 33. exf5 e4 34. d5 Rge8 35. Rd4
Nc5 36. Rxc4 Qxd5 37. Rd1 Qf7 38. Bxc5 d5 (38... bxc5 {is strongly met by} 39.
b6+) 39. Bxe7 Rxc4 {[%tqu "En","How can White finish the game victoriously?",
"Try to open the d-file for your rook.","Sacrifice your queen!","e2c4","This
powerful blow wins on the spot.",4]} 40. Qxc4 $1 {[%csl Ra7,Rf7][%cal Gd1d7,
Gg2a8,Gd7a7,Gd7f7]} ({An impressive queen sacrifice, winning immediately.} 40.
Qxc4 {, and Black resigned in view of the line:} dxc4 41. Rd7+ Kb8 (41... Ka8
42. Bxe4+) 42. Bd6+) 1-0

[Event "ARM-ch"]
[Site "Yerevan"]
[Date "2001.09.18"]
[Round "6"]
[White "Aronian, Levon"]
[Black "Yegiazarian, Arsen"]
[Result "1-0"]
[WhiteElo "2562"]
[BlackElo "2551"]
[Annotator "Atlas,V"]
[PlyCount "67"]
[EventDate "2001.09.13"]
[EventType "tourn"]
[EventRounds "10"]
[EventCountry "ARM"]
[EventCategory "11"]
[SourceTitle "CBM 086"]
[Source "ChessBase"]
[SourceDate "2002.02.05"]
[SourceVersion "1"]
[SourceVersionDate "2002.02.05"]
[SourceQuality "1"]

1. e4 c5 2. Nf3 Nc6 3. Bc4 d6 4. h3 Nf6 5. d3 e6 6. Bb3 Be7 7. O-O O-O 8. c3
Bd7 9. Re1 Ne5 10. d4 Nxf3+ 11. Qxf3 e5 12. dxc5 dxc5 13. a4 Bc6 14. Nd2 Qc7
15. Nc4 Rae8 16. g4 Nd7 17. h4 Kh8 18. Ne3 g6 19. Nd5 Bxd5 20. Bxd5 Kg7 21. a5
Bxh4 22. Kg2 Nf6 23. Bb3 h5 24. Rh1 Nxg4 25. Rxh4 f5 26. Bg5 c4 27. Bc2 fxe4
28. Qxe4 Rxf2+ 29. Kg3 Rf5 {[%tqu "En","Three pawns might be a sufficient
compensation for a piece, but Black has other problems. Can you see which?",
"Target the enemy king!","Try to destroy the pawn shield around Black's king.",
"h4h5","Opening the h-file allows White to develop an irresistible attack.",7]}
30. Rxh5 $1 {[%csl Rf5,Rg4,Rg6][%cal Ga1h1,Ge4h1,Gh1h7]} Ref8 $1 ({Making his
previous move, Aronian needed to consider also Black's knight thrust} 30... Nf2
{.This seemingly unpleasant move is elegantly refuted by} 31. Bh6+ Kh8 (31...
Kh7 {fails to} 32. Be3+ (32. Qxf5 {is winning as well)}) 32... Kg7 33. Bxf2)
32. Qxf5 gxf5 33. Kxf2 {, and Black is defenseless against manifold threats:}
Re7 (33... Kg8 34. Rg1+ $18) 34. Bxf5 Rh7 35. Bg7+ {The text move might appear
very unpleasant for White, but he has an efficient response, allowing him to
neutralize Black's initiative.}) {[%tqu "En","Black's pieces appear very
active, but you have a possibility to decide the game in your favor. Do you
see the winning move?","Ignore Black's Troyan knight - try to neutralize
Black's pressure on the f-file.","Bring your a1-rook into play!","a1f1",
"Excellent! This strong move spells the quick end for Black.",9]} 31. Rf1 $3 {
[%csl Rf5,Rg4,Rg6,Rg7][%cal Gf1f8]} ({Black's knight is invulnerable:} 31. Kxg4
{loses after} Rf4+ $1 32. Bxf4 Rxf4+ 33. Qxf4 gxh5+ $1) (31. Qxg4 {fails to}
e4+ 32. Kg2 gxh5 33. Qxh5 Rh8 {winning. As one can see, it is not very easy to
avoid Black's traps in this position!}) 31... Qf7 (31... gxh5 32. Rxf5 Rxf5 33.
Qxf5 {is certainly hopeless for Black.}) 32. Qh1 $1 (32. Kxg4 $1 {was winning
as well:} gxh5+ 33. Kh4 {, and Black loses in view of} Rxf1 34. Qh7#) 32...
gxh5 33. Rxf5 Qc7 34. Qxh5 1-0

[Event "Hoogovens"]
[Site "Wijk aan Zee"]
[Date "1999.01.31"]
[Round "13"]
[White "Timman, Jan H"]
[Black "Yermolinsky, Alex"]
[Result "1-0"]
[WhiteElo "2649"]
[BlackElo "2597"]
[Annotator "Baburin,A"]
[PlyCount "77"]
[EventDate "1999.01.16"]
[EventType "tourn"]
[EventRounds "13"]
[EventCountry "NED"]
[EventCategory "17"]
[SourceTitle "CBM 069"]
[Source "ChessBase"]
[SourceDate "1999.04.01"]
[SourceVersion "1"]
[SourceVersionDate "1999.04.01"]
[SourceQuality "1"]

1. e4 c5 2. Nf3 e6 3. Nc3 d6 4. d4 cxd4 5. Qxd4 Nc6 6. Bb5 Bd7 7. Qd3 a6 8.
Bxc6 Bxc6 9. Bf4 Nf6 10. O-O-O Be7 11. Rhe1 d5 12. e5 Ne4 13. Nxe4 dxe4 14.
Qxd8+ Rxd8 15. Rxd8+ Bxd8 16. Nd2 Bb6 17. Nxe4 Bxe4 18. Rxe4 Bxf2 19. Rb4 b6
20. Ra4 a5 21. b4 Kd7 22. bxa5 bxa5 23. Rxa5 Rc8 24. Ra3 Rc4 25. Be3 Bxe3+ 26.
Rxe3 h5 27. Kb2 f5 28. Kb3 Rg4 29. Rg3 Re4 30. Rxg7+ Kc6 31. Rh7 Rxe5 32. Rxh5
Rb5+ 33. Kc3 Rc5+ 34. Kd2 Ra5 35. h4 Rxa2 36. Rh8 Kd6 37. h5 Ke7 38. h6 Kf7 {
[%tqu "En","Do you see how White can cash in his advantages?","","","h8e8","",
3]} 39. Re8 $1 1-0

[Event "Yerevan zt 1.5"]
[Site "Yerevan"]
[Date "2000.06.15"]
[Round "9"]
[White "Minasian, Artashes"]
[Black "Ilincic, Zlatko"]
[Result "1-0"]
[WhiteElo "2598"]
[BlackElo "2554"]
[Annotator "Baburin,A"]
[PlyCount "51"]
[EventDate "2000.06.07"]
[EventType "swiss"]
[EventRounds "9"]
[EventCountry "ARM"]
[SourceTitle "CBM 078"]
[Source "ChessBase"]
[SourceDate "2000.10.18"]
[SourceVersion "1"]
[SourceVersionDate "2000.10.18"]
[SourceQuality "1"]

1. e4 c5 2. Nf3 d6 3. Bc4 a6 4. Bb3 b5 5. d3 Nc6 6. c3 Nf6 7. Nbd2 e5 $6 8. a4
Rb8 9. axb5 axb5 10. Ng5 $1 {[%csl Rf7]} Rb7 11. Ra8 Na5 (11... h6 12. Nxf7
Rxf7 13. Bxf7+ Kxf7 14. Qb3+ $16) 12. Bd5 Nxd5 13. exd5 {[%csl Ra5][%cal Gb2b4,
Gb4a5]} Rd7 14. Nde4 Qc7 $2 {[%tqu "En","Black's pieces are poorly
co-ordinated. How to exploit this?","Use the shaky position of the a5-knight
and c8-bishop, but also bear in mind Black's king.","Use your knights!","g5e6",
"This is a deadly blow!",7,"b2b4","Not bad - White certainly gets a
considerable advantage, but you could do better.",3]} 15. Ne6 $3 (15. b4 cxb4 (
15... Nb7 $6 {[%csl Rb7]}) 16. cxb4 Nb3 $1 17. Be3 Nd4 18. Bxd4 exd4 19. O-O)
15... Qb7 (15... fxe6 16. dxe6 Rd8 17. Nf6+ $1 gxf6 18. Qh5+ Ke7 19. Qf7#) 16.
Rxa5 fxe6 17. dxe6 $18 {[%csl Ge6]} Rc7 18. Qh5+ $1 g6 19. Qf3 Be7 20. Bh6 Kd8
21. Bg7 Rg8 22. Qf7 Bxe6 23. Qxe6 Rxg7 24. O-O Qc8 25. Qd5 Ke8 26. Ra8 1-0

[Event "RUS-ch 53rd"]
[Site "Samara"]
[Date "2000.06.17"]
[Round "1"]
[White "Shaposhnikov, Evgeny"]
[Black "Dvoirys, Semen I"]
[Result "1-0"]
[WhiteElo "2503"]
[BlackElo "2591"]
[Annotator "Baburin,A"]
[PlyCount "37"]
[EventDate "2000.06.03"]
[EventType "swiss"]
[EventRounds "11"]
[EventCountry "RUS"]
[SourceTitle "CBM 078"]
[Source "ChessBase"]
[SourceDate "2000.10.18"]
[SourceVersion "1"]
[SourceVersionDate "2000.10.18"]
[SourceQuality "1"]

1. e4 c5 2. Nf3 d6 3. Bc4 Nf6 4. e5 dxe5 5. Nxe5 e6 6. Qe2 Bd6 7. b3 O-O 8. Bb2
Nbd7 9. f4 Nd5 10. O-O N7b6 11. Bd3 Qh4 12. g3 Qe7 13. c4 Nb4 14. Nc3 f6 $4 (
14... Nxd3 $142) {[%tqu "En","How would you use White's very active pieces?",
"Target the enemy king, which does not have too many defenders.","Strike
immediately!","d3h7","White starts a crushing attack on the enemy king.",6]}
15. Bxh7+ $1 {White starts a crushing attack on the enemy king.} Kxh7 16. Qh5+
Kg8 17. Ng6 Qd8 18. Ne4 $1 Nd3 {[%tqu "En","How to continue White's attack?",
"You should gain control over the f-file in general and over the f7-square in
particular.","Use your e4-knight!","e4g5","",5,"b2c3","OK, you have all the
time in the world to finish your attack, but why to be so slow?! :-)",1,"e4g5",
"",0]} 19. Ng5 $1 (19. Bc3) (19. Ng5 fxg5 20. Qh8+ Kf7 21. fxg5+ Ke8 22. Nxf8
$18) 1-0

[Event "URS-ch45 Final"]
[Site "Leningrad"]
[Date "1977.12.07"]
[Round "6"]
[White "Romanishin, Oleg M"]
[Black "Gulko, Boris F"]
[Result "0-1"]
[WhiteElo "2595"]
[BlackElo "2585"]
[Annotator "Belov,I"]
[PlyCount "88"]
[EventDate "1977.11.29"]
[EventType "tourn"]
[EventRounds "15"]
[EventCountry "URS"]
[EventCategory "12"]
[SourceTitle "URS-ch"]
[Source "ChessBase"]
[SourceDate "1999.07.01"]
[SourceVersion "1"]
[SourceVersionDate "1999.07.01"]
[SourceQuality "1"]

1. e4 c5 2. Nc3 Nc6 3. Nf3 g6 4. g3 d6 5. Bg2 Bg7 6. O-O Bg4 $5 7. h3 Bxf3 8.
Qxf3 e6 $5 (8... Nf6 9. Nd5) 9. Ne2 $6 (9. Qd1 $142 Nge7 10. Ne2 O-O 11. c3 $10
) 9... Nge7 10. Qb3 O-O 11. c3 (11. Qxb7 Nb4 $1 12. c3 Rb8 13. Qxa7 Ra8 $10)
11... Qd7 12. d3 d5 $1 13. Be3 $6 (13. exd5 $142 exd5 (13... Nxd5 14. Nf4 $10)
14. Bg5 $10) 13... b6 14. Rad1 (14. exd5 Nxd5 $15) 14... d4 15. Bc1 (15. cxd4
Nxd4 $15) 15... Rab8 16. f4 b5 17. g4 $6 (17. e5 $5 f6 18. exf6 Bxf6 $15) 17...
dxc3 $1 18. bxc3 b4 19. e5 (19. Qc4 $2 bxc3 20. Nxc3 Rb4 21. Qxc5 Bd4+ $19)
19... Rfd8 20. Qc4 Nd5 $1 21. cxb4 (21. Qxc5 Bf8 (21... Rdc8 $5) 22. Qc4 Na5
23. Qa6 Rb5 $1 {/\ 24...Nc7 25.Qa7 Bc5-+/}) 21... cxb4 22. d4 Rbc8 23. Qb3 a5
24. f5 a4 $5 (24... Nc3 25. Nxc3 Nxd4 26. Ne4 Nxb3 (26... Qa7 27. Qe3) 27. Rxd7
Rxd7 28. axb3 exf5 29. gxf5 Bxe5 $17) 25. Qg3 (25. Qxa4 $6 Nxd4 26. Qxd7 Nxe2+
27. Kf2 Rxd7 28. Bxd5 Nc3 $19) (25. Qd3 $5) 25... Nc3 $1 26. Nxc3 Nxd4 27. Bg5
Rxc3 28. Qf2 (28. Qe1 Qa7 $1 29. Kh1 Rd7 $17) 28... Rc2 $1 $8 29. Qxc2 Nxc2 30.
Rxd7 (30. Bxd8 Qa7+ 31. Kh1 Ne3 $17) 30... Rxd7 $17 31. Bc6 Ra7 32. Be4 b3 $1
33. fxe6 (33. axb3 a3 $1 34. Bxc2 a2 35. Ra1 Bxe5 $19) 33... fxe6 34. Bf6 Ne3
35. Rc1 (35. Rf2 Nd1 36. Rd2 Nc3 $19) 35... bxa2 36. Ra1 a3 37. Rxa2 Nd1 38.
Bd3 Nc3 39. Ra1 Bxf6 40. exf6 a2 $19 41. Bc4 Kf7 42. g5 Ra5 43. Kh1 Rxg5 44.
Bxa2 Nxa2 0-1